MARC

LEADER 00000nas a22000007a 4500
001 ssj0008619
003 WaSeSS
005 20200512172242.0
006 m d
007 cr n
008 010418c19599999miuqr p s o 0 a0eng c
010 |a  2001211164 
016 7 |a 2061323-4  |2 DE-600 
022 |a 1536-0342  |l 0011-1589  |y 0011-1589 
035 |a (WaSeSS)ssj0008619 
037 |b Project Muse, 2715 N. Charles St., Baltimore, MD 21218-4363 
040 |a JHE  |b eng  |c JHE  |d NSD  |d OCLCQ  |d MUQ  |d NSD  |d BUF  |d OCLCQ  |d UQ1  |d OCLCQ  |d EYM  |d OCLCF  |d VT2  |d EUW  |d OCLCQ  |d AZU  |d OCLCE  |d UKBOL  |d OCLCQ  |d IOD  |d TWP  |d OCLCQ  |d DEFHM  |d OCLCO  |d WT2  |d OCLCQ  |d LND  |d LIP  |d XFH  |d UAB  |d WYU  |d CEF  |d OCLCA  |d OCLCQ  |d WaSeSS 
042 |a pcc  |a nsdp 
050 4 |a AS30.W3  |b A2 
082 1 0 |a 809  |2 13 
088 |a 112001 
130 0 |a Criticism (Online) 
222 0 |a Criticism  |b (Online) 
245 1 0 |a Criticism  |h [electronic resource]. 
260 |a Detroit, Mich. :  |b Wayne State University Press,  |c 1959- 
310 |a Quarterly 
362 0 |a Vol. 1, no. 1 (winter 1959)- 
500 |a "A quarterly for literature and the arts." 
500 |a Title from PDF table of contents page (JSTOR, viewed Nov. 19, 2012). 
506 |a License restrictions may limit access. 
538 |a Mode of access: World Wide Web. 
588 1 |a Vol. 50, no. 4 (fall 2008) (JSTOR, viewed Nov. 19, 2012). 
650 0 |a Literature  |x History and criticism  |v Periodicals. 
650 6 |a Littérature  |x Histoire et critique  |v Périodiques. 
650 7 |a Literature.  |2 fast  |0 (OCoLC)fst00999953 
650 7 |a Kultur  |2 gnd 
650 7 |a Literatur  |2 gnd 
650 7 |a Littérature.  |2 rasuqam 
650 7 |a Histoire.  |2 rasuqam 
653 |a Literature 
655 0 |a Electronic journals. 
710 2 |a Wayne State University.  |b Press. 
776 0 8 |i Print version:  |t Criticism  |x 0011-1589  |w (DLC) 60051245  |w (OCoLC)1565471 
856 4 0 |z Full text available from Research Library: 01/01/1994 to Spring 2014  |u https://search.proquest.com/publication/25125